000 00949nam a22002297a 4500
003 BD-DhUL
005 20231203141203.0
008 231203s2019 bg ||||| |||| 00| 0 ben
020 _a9789849294184 (hbk)
040 _aBD-DhUL
_cBD-DhUL
082 _a891.443
_bISK
100 1 _aইসলাম, কাজী নজরুল
245 0 0 _aকাজী নজরুল ইসলাম : উপন্যাস সমগ্র /
_cকাজী নজরুল ইসলাম;সম্পাদক সৌমিত্র শেখর
260 _aঢাকা :
_bজোনাকী,
_c২০১৯ ।
300 _a৪০০ পৃ. :
_bসম্মুখ চিত্র ;
_c২৩ সেমি
365 _aBDT
_b500
650 _aবাংলা উপন্যাস
650 _aBengali fiction
700 1 _aইসলাম, কাজী নজরুল
_eauth
700 1 _aসমিত্র, শেখর
_eed.
942 _2ddc
_cBK
999 _c258574
_d258574